| 000 | 01025cam a22002772 4500 | ||
|---|---|---|---|
| 001 | 0000009250 | ||
| 005 | 20151217145848.0 | ||
| 008 | 080916s xx 000 0 eng d | ||
| 020 |
_a0421909106 : _cKES 7100 |
||
| 040 |
_aKABU _cKABU |
||
| 100 | 1 |
_aBailey, S. H. _@0000160396 |
|
| 245 | 1 | 0 |
_aSmith, Bailey and Gunn on the modern English legal system / _cS. H. Bailey, J. P. L. Ching, N. W. Taylor. |
| 250 | _a5th ed. | ||
| 260 |
_aLondon : _bSweet & Maxwell, _c2007. |
||
| 300 | _aclxvii, 1197, 41 p. | ||
| 650 | 0 |
_aProcedure (Law) _zGreat Britain. _@0000160397 |
|
| 650 | 0 |
_aLaw _zGreat Britain. _@0000153325 |
|
| 700 | 1 |
_aChing, J. P. L. _@0000160398 |
|
| 700 | 1 |
_aTaylor, N. W. _@0000160399 |
|
| 852 | 1 | _9p4827.20 KSH | |
| 852 | 1 | _9p4652 KSH | |
| 908 | _a080916 | ||
| 950 | _@1 | ||
| 999 |
_c3408 _d3408 |
||